|
|
|
|
| LEADER |
00000nam a2200000Ii 4500 |
| 001 |
DIGEDICNSB0037 |
| 003 |
NyNyDIG |
| 008 |
221006s2014 sp o 001 f spa d |
| 006 |
m o d |
| 007 |
cr ||||||||||| |
| 035 |
|
|
|a (OCoLC)1379465789
|
| 040 |
|
|
|a DGITA
|b eng
|e rda
|e pn
|c DGITA
|
| 020 |
|
|
|a 9788490197127
|q eBook
|
| 020 |
|
|
|z 9788498728309
|
| 041 |
1 |
|
|a spa
|h ger
|
| 043 |
|
|
|a ff-----
|a f-ua---
|
| 050 |
1 |
4 |
|a DT92.7 ebook
|
| 100 |
1 |
|
|a Vandenberg, Philipp,
|d 1941-
|e author.
|
| 240 |
1 |
0 |
|a Cäsar und Kleopatra.
|l Spanish
|s (Gregor)
|
| 245 |
1 |
0 |
|a César y Cleopatra /
|c Philip Vandenverg ; traducción de María Antonieta Gregor.
|
| 264 |
|
1 |
|a Barcelona (España) :
|b Ediciones B,
|c [2014]
|
| 300 |
|
|
|a 1 online resource.
|
| 336 |
|
|
|a text
|b txt
|2 rdacontent
|
| 337 |
|
|
|a computer
|b c
|2 rdamedia
|
| 338 |
|
|
|a online resource
|b cr
|2 rdacarrier
|
| 347 |
|
|
|a text file
|2 rdaft
|
| 347 |
|
|
|b EPUB
|
| 500 |
|
|
|a Includes index.
|
| 588 |
0 |
|
|a Online resource; title from ePub title page (Digitalia, viewed October 06, 2022)
|
| 600 |
1 |
0 |
|a Cleopatra,
|c Queen of Egypt,
|d -30 B.C.
|
| 600 |
1 |
0 |
|a Casar, C. Julius.
|
| 651 |
|
0 |
|a Rome
|x History.
|
| 655 |
|
7 |
|a Novels.
|2 lcgft
|
| 700 |
1 |
|
|a Gregor, María Antonieta,
|e translator.
|
| 700 |
1 |
|
|i Translation of:
|a Vandenberg, Philipp,
|d 1941-
|t Cäsar und Kleopatra.
|
| 791 |
2 |
|
|a Digitalia (Firm),
|e distributor.
|
| 793 |
0 |
|
|g Digitalia eBook Collection:
|a Ediciones B
|
| 776 |
0 |
8 |
|i Print version:
|a Vandenberg, Philipp, 1941-
|s Cäsar und Kleopatra. Spanish (Gregor).
|t César y Cleopatra.
|b 1a edición.
|d Barcelona (España) : Ediciones B, [2014]
|z 9788498728309
|
| 856 |
4 |
0 |
|3 Digitalia Hispánica
|u https://www.digitaliapublishing.com/a/52908/
|
| 910 |
|
|
|a Premium collection: 2022
|